Demographic transition : (Record no. 48361)

MARC details
000 -LEADER
fixed length control field 02211cam a2200361 a 4500
005 - DATE AND TIME OF LATEST TRANSACTION
control field 20031230185550.0
008 - FIXED-LENGTH DATA ELEMENTS--GENERAL INFORMATION
fixed length control field 940308s1993 enkab b 001 0 eng
010 ## - LCCN (DPL NO)
LC control number ENG-101720 B-427538-542
020 ## - INTERNATIONAL STANDARD BOOK NUMBER
Terms of availability 1200.00
International Standard Book Number 978812207862
035 ## - SYSTEM CONTROL NUMBER
System control number EN-85253 B-427538-542
037 ## - SOURCE OF ACQUISITION
Source of stock number/acquisition DBAD/PUB
037 ## - SOURCE OF ACQUISITION
Source of stock number/acquisition Blueberry/Ven
040 ## - CATALOGING SOURCE
Original cataloging agency dpl
Language of cataloging Eng
082 ## - DEWEY DECIMAL CLASSIFICATION NUMBER
Classification number 304.62095
100 1# - MAIN ENTRY--PERSONAL NAME
9 (RLIN) 22405
245 10 - TITLE STATEMENT
Title Demographic transition :
Statement of responsibility, etc edited by Rajiv Balakrishnan in association with Council For Social Development , New Delhi
Remainder of title an Asian perspective /
260 ## - PUBLICATION, DISTRIBUTION, ETC. (IMPRINT)
Place of publication, distribution, etc New Delhi
Name of publisher, distributor, etc Konark Publishers
Date of publication, distribution, etc 2011
270 ## - ADDRESS
Address 206, First Floor, Peacock Lane, Shahpur Jat,
City New Delhi
Postal code 110049
300 ## - PHYSICAL DESCRIPTION
Extent xxi,571p.
Dimensions 24cm (Hb)
500 ## - GENERAL NOTE
General note Includes bibliographical references and index
650 #0 - SUBJECT ADDED ENTRY--TOPICAL TERM
9 (RLIN) 22448
651 ## - SUBJECT ADDED ENTRY--GEOGRAPHIC NAME
9 (RLIN) 22481
700 ## - ADDED ENTRY--PERSONAL NAME
9 (RLIN) 23269
Personal name Balakrishnan, Rajiv
700 ## - ADDED ENTRY--PERSONAL NAME
Personal name Council For Social Development (India)
9 (RLIN) 24469
942 ## - ADDED ENTRY ELEMENTS (KOHA)
Source of classification or shelving scheme Dewey Decimal Classification
Item type English Books
Call number suffix DEM
Classification part 304.62095
Holdings
Withdrawn status Lost status Source of classification or shelving scheme Damaged status Not for loan Collection code Home library Current library Date acquired Source of acquisition Cost, normal purchase price Total Checkouts Full call number Barcode Date last seen Copy number Cost, replacement price Koha item type
    Dewey Decimal Classification     Non-fiction Central Library Central Library 08/06/2011 Blueberry/6361/18.3.11/73/4.3.11/29.3.11 1200.00   304.62095 DEM B-427538 08/06/2011 1 1200.00 English Books
    Dewey Decimal Classification   Not For Loan Non-fiction D.B.Act.Division D.B.Act.Division 11/10/2010 DBAD/PUB 1200.00   304.632 DEM EN-85253 11/10/2010 1 1200.00 English Books
    Dewey Decimal Classification     Non-fiction Karol Bagh Karol Bagh 08/06/2011 Blueberry/6361/18.3.11/73/4.3.11/29.3.11 1200.00   304.62095 DEM B-427541 08/06/2011 1 1200.00 English Books
    Dewey Decimal Classification     Non-fiction Patel Nagar Patel Nagar 08/06/2011 Blueberry/6361/18.3.11/73/4.3.11/29.3.11 1200.00   304.62095 DEM B-427539 08/06/2011 1 1200.00 English Books
    Dewey Decimal Classification     Non-fiction Sarojini Nagar Sarojini Nagar 08/06/2011 Blueberry/6361/18.3.11/73/4.3.11/29.3.11 1200.00 2 304.62095 DEM B-427540 28/06/2025 1 1200.00 English Books
    Dewey Decimal Classification     Non-fiction Shahdara Branch Shahdara Branch 08/06/2011 Blueberry/6361/18.3.11/73/4.3.11/29.3.11 1200.00   304.62095 DEM B-427542 08/06/2011 1 1200.00 English Books

© Delhi Public Library
Hit Counter
free hit counter